| 000 | 00528nam a2200181 4500 | ||
|---|---|---|---|
| 999 |
_c188996 _d188996 |
||
| 005 | 20220609112041.0 | ||
| 010 | _aENG-133176 | ||
| 020 |
_a978987230002 _c199.00 |
||
| 035 | _aEN-116707 | ||
| 037 | _bDBAD/PUB | ||
| 082 | _a823.914 | ||
| 100 | _ajayant, Shivam | ||
| 245 |
_aSpider Web/ _cShivam Jayant |
||
| 260 |
_aNew Delhi _bPigeon Books India _c2019 |
||
| 270 |
_a16, Ansari Road, Daryaganj _bNew Delhi _e110002 _mpigeonbooks@yahoo.com |
||
| 300 |
_a178p. _c22cm(pbk) |
||
| 942 |
_2ddc _cEN _h823.914 _mJAY |
||